Thi pháp nhân vật trong "Số đỏ" của Vũ Trọng Phụng /
Sparad:
| Huvudupphovsman: | |
|---|---|
| Materialtyp: | Artikel |
| Språk: | Vietnamese |
| Ämnen: | |
| Taggar: |
Lägg till en tagg
Inga taggar, Lägg till första taggen!
|
| Thư viện lưu trữ: | Thư viện Trường Đại học Đà Lạt |
|---|
| LEADER | 00916nam a2200301 4500 | ||
|---|---|---|---|
| 001 | DLU090073236 | ||
| 005 | ##20090508 | ||
| 040 | # | # | |a DLU |b vie |
| 041 | # | # | |a vie |
| 044 | # | # | |a vn |
| 100 | # | # | |a Nguyễn Phong Nam. |
| 245 | # | # | |a Thi pháp nhân vật trong "Số đỏ" của Vũ Trọng Phụng / |c Nguyễn Phong Nam. |
| 653 | # | # | |a Bình luận văn học |
| 653 | # | # | |a Hình tượng nhân vật |
| 653 | # | # | |a Ngôn ngữ văn học |
| 653 | # | # | |a Nghệ thuật sáng tác |
| 653 | # | # | |a Văn học hiện thực phê phán |
| 653 | # | # | |a Văn học Việt Nam |
| 773 | # | # | |t Khoa học Xã hội |g Số 33, 1997, tr. 80-89 |
| 920 | # | # | |a Phòng Tạp chí -- Trung tâm Thông tin - Thư viện Trường Đại học Đà Lạt |
| 994 | # | # | |a DLU |
| 900 | # | # | |a True |
| 911 | # | # | |a Nguyễn Thanh Hương |
| 925 | # | # | |a G |
| 926 | # | # | |a A |
| 927 | # | # | |a BB |
| 980 | # | # | |a Thư viện Trường Đại học Đà Lạt |